| 000 | 01675nam a22004337a 4500 | ||
|---|---|---|---|
| 003 | CHAP | ||
| 005 | 20220817042355.0 | ||
| 008 | 971013s1976 r 00010 d | ||
| 010 | _a42729 | ||
| 011 | _a43701 | ||
| 035 | _a47837 | ||
| 040 | _cCHAP | ||
| 090 | _aFolleto 3095 | ||
| 110 | _aMéxico. Dirección General del Inventario Nacional Forestal | ||
| 245 | _aEstadísticas del recurso forestal de la República Mexicana | ||
| 260 |
_aMéxico, D.F. : _bLa Dirección, _c1976 |
||
| 300 |
_av. _b; mapa |
||
| 490 | _aPublicación I.N.F. | ||
| 500 | _a1976 3c. en bodega | ||
| 500 | _aLa biblioteca tiene: 1976, 1977, 1978 | ||
| 590 |
_aBATCH-UPD _b10 _c20130110 _lUCH01 _h1617 |
||
| 590 |
_aBATCH-UPD _b10 _c20130410 _lUCH01 _h1012 |
||
| 590 |
_aBATCH-UPD _b10 _c20130914 _lUCH01 _h0713 |
||
| 590 |
_aCONVERSION _b10 _c20130109 _lUCH01 _h1323 |
||
| 650 | 1 | 4 |
_aBosques _xEstadísticas. _914136 |
| 650 | 1 | 4 |
_aBosques _xEstadísticas _xMéxico. _914149 |
| 650 | 1 | 4 |
_aRecursos forestales _zMéxico. _995075 |
| 830 | 0 |
_aPublicación I.N.F. _992767 |
|
| 901 | _aBK | ||
| 942 | _cFOLL | ||
| 949 |
_aFolleto 3095 _bBC _cFOLL _d-108583 _eTS1 _f1976 _i47837 _mD _si |
||
| 949 |
_aFolleto 3095 _bBC _cFOLL _d-108584 _eTS2 _f1976 c.2 _i47837 _mD _si |
||
| 949 |
_aFolleto 3095 _bBC _cFOLL _d-108585 _eTS2 _f1977 _i47837 _mD _si |
||
| 949 |
_aFolleto 3095 _bBC _cFOLL _d-108586 _eTS2 _f1977 c.2 _i47837 _mD _si |
||
| 949 |
_aFolleto 3095 _bBC _cFOLL _d-108587 _eTS2 _f1977 c.3 _i47837 _mD _si |
||
| 949 |
_aFolleto 3095 _bBC _cFOLL _d-108588 _eTS2 _f1978 _i47837 _si |
||
| 949 |
_aFolleto 3095 _bBC _cFOLL _d-108590 _eTS2 _f1978 c.2 _i47837 _mD _si |
||
| 949 |
_aFolleto 3095 _bBC _cFOLL _d-108591 _eTS2 _f1978 c.3 _i47837 _mD _si |
||
| 999 |
_c42729 _d42729 |
||